| 000 | 00798cam a2200253 a 4500 | ||
|---|---|---|---|
| 001 | 11928593 | ||
| 005 | 20251112185654.0 | ||
| 008 | 000303s2001 njua 001 0 eng | ||
| 020 | _a0130851787 | ||
| 020 | _a9780130851789 | ||
| 050 | 0 | 0 |
_aTK7867 _b.B57 2001 |
| 082 | 0 | 0 |
_a621.3815 _221 |
| 100 | 1 | _aBogart, Theodore F. | |
| 245 | 1 | 0 |
_aElectronic devices and circuits / _cTheodore F. Bogart, Jeffrey S. Beasley, Guillermo Rico. |
| 250 | _a5th ed. | ||
| 260 |
_aUpper Saddle River, N.J. : _bPrentice Hall, _cc2001. |
||
| 300 |
_axii, 752 p. : _bill. ; _c29 cm. |
||
| 500 | _aIncludes index. | ||
| 650 | 0 | _aElectronic circuits. | |
| 650 | 0 | _aElectronic apparatus and appliances. | |
| 700 | 1 |
_aBeasley, Jeffrey S., _d1955- |
|
| 700 | 1 |
_aRico, Guillermo, _d1948- |
|
| 942 |
_2lcc _cBK _e5th ed. _n0 |
||
| 999 |
_c8247 _d8247 |
||